The Hashemite Kingdom of Jordan : triumph over adversity.
| Format: | Book |
|---|---|
| Published: |
London:
HSBC Securities,
1998.
|
| Subjects: |
| LEADER | 00460cam a2200157 7i4500 | ||
|---|---|---|---|
| 001 | 0000006925 | ||
| 005 | 19991025090000.0 | ||
| 002 | ##000008647 | ||
| 020 | 0 | 0 | |a T000006504 |
| 090 | 0 | 0 | |a JORD 330.9 |b HAS |
| 245 | 0 | 0 | |a The Hashemite Kingdom of Jordan : |b triumph over adversity. |
| 260 | 0 | 0 | |a London: |b HSBC Securities, |c 1998. |
| 300 | 0 | 0 | |a 49 p.. |
| 650 | 0 | 0 | |a Jordan -- |x Economic conditions |
| 651 | 0 | 0 | |a Jordan |
| 999 | |a 0000010077 |b Book |c Open shelf |e Business Information Centre | ||